| 000 | 02191nam a2200349 4500 | ||
|---|---|---|---|
| 003 | EC-UNACH | ||
| 005 | 20250509112606.0 | ||
| 006 | s||||gr|||| 00| 00 | ||
| 008 | 150116t9999 mx r gr 000 0 spa d | ||
| 020 | _a978-9942-661-79-1 | ||
| 040 |
_aEC-UNACH _cEC-UNACH |
||
| 041 | _aspa | ||
| 082 | 0 | 4 |
_223 _a370.115 _bL017791 |
| 100 | _aLeón Ortiz, Carmen del Rocío / León Ortiz Cristian Humberto / Troya León Henry Alexander / Arteño Ramos, Rómulo | ||
| 245 | _aDemocratización del acceso y permanencia a la Educación Superior en Ecuador: Una mirada a los "estudiantes de primera generación" en los gobiernos de Rafael Correa, Lenín Moreno y Guillermo Lasso. | ||
| 250 | _aPrimera edición | ||
| 264 |
_aRiobamba - Ecuador _bEditorial UNACH _c2024 |
||
| 264 | _aProducción UNACH | ||
| 300 |
_a226 páginas _bTablas, Figuras |
||
| 501 | _aIncluye índice | ||
| 505 | _aCapítulo I. El acceso a la educación superior en Ecuador ¿Dos visiones de políticas y derechos en conflicto? -- Capítulo II. Acciones afirmativas, que permitieron el acceso de los EPG de la UNACH, durante los períodos presidenciales de Correa (2007-2017), Moreno (2017-2021) y Lasso (2021-2022). -- Capítulo III. Las becas y ayudas económicas como acciones positivas que permitieron la permanencia de los EPG de la UNACH, durante los períodos presidenciales de Correa (2007-2017), Moreno (2017-2021) y Lasso (2021-2022) -- Capítulo IV. La movilidad social ascendente y continuidad intergeneracional en los estudiantes primera generación (EPG), períodos 2007-2023. | ||
| 650 | _aREFORMA INSTITUCIONAL | ||
| 650 | _aNORMATIVA ECUATORIANA | ||
| 650 | _aPUNTAJE DE EVALUACIÓN | ||
| 650 | _aDISCAPACIDAD AUDITIVA | ||
| 650 | _aBECA POR DISCAPACIDAD | ||
| 856 |
_uhttps://doi.org/10.37135/u.editorial.05.155 _yLibro Digital - Democratización del acceso y permanencia a la Educación Superior en Ecuador: Una mirada a los "estudiantes de primera generación" en los gobiernos de Rafael Correa, Lenín Moreno y Guillermo Lasso. |
||
| 942 |
_2ddc _cEBOOK |
||
| 999 | _c13590 | ||